000 00938cam a2200193 4500
001 WB3909-02
008 030304n2003 000 0 eng u
035 _a(Sirsi) u121497
245 _aEH pilots 'MOTs' for historic buildings
260 _c2003
490 _aBuilding Design
_v(1567) 21 February 2003, 7(1)
520 _aEnglish Heritage in partnership with Maintain our Heritage, is piloting a scheme in the Bath area, to offer assistance to owners of historic buildings. Styled on the successful Monument Watch in Holland, the scheme offer an annual MOT-style certificate and a report on maintaining the building over the next 12 months. Maintain our Heritage is a not-for-profit company, web address; http://www.maintainourheritage.co.uk
590 _aWB
650 _aHISTORIC BUILDINGS
650 _aBUILT ENVIRONMENT-BUILDING MAINTENANCE AND REFURBISHMENT
650 _aBATH
690 _aBUILT ENVIRONMENT
942 _n0
999 _c72206
_d72206